LIBRARY & INFORMATION CENTRE, KCAET, TAVANUR

ONLINE PUBLIC ACCESS CATALOGUE (OPAC)

Theory of machines and mechanisms / (Record no. 13223)

MARC details
000 -LEADER
fixed length control field 00559cam a2200217ua 4500
041 ## - LANGUAGE CODE
Language code of text/sound track or separate title eng
082 ## - DEWEY DECIMAL CLASSIFICATION NUMBER
Classification number 621.801
Item number UIC/TH
100 ## - MAIN ENTRY--AUTHOR NAME
Personal name Uicker, John J .
245 ## - TITLE STATEMENT
Title Theory of machines and mechanisms /
250 ## - EDITION STATEMENT
Edition statement 3 /
260 ## - PUBLICATION, DISTRIBUTION, ETC. (IMPRINT)
Place of publication Calcutta :
Name of publisher Oxford University Press ,
Year of publication 2007.
300 ## - PHYSICAL DESCRIPTION
Number of Pages 733 ; .
700 1# - ADDED ENTRY--PERSONAL NAME
Personal name Pennock, Gordon R .
700 1# - ADDED ENTRY--PERSONAL NAME
Personal name Shigley, Joseph E .
942 ## - ADDED ENTRY ELEMENTS (KOHA)
Koha item type Books
Holdings
Withdrawn status Lost status Damaged status Home library Current library Date acquired Full call number Accession Number Koha item type
      KAUAET KAUAET 07/04/2012 621.801 21740 Books
      KAUAET KAUAET 07/04/2012 621.801 22063 Books
free website counter